WOMAN'S DAY ALL COLOUR BOOK OF HOME DECORATING AND DESIGN (Record no. 581395)
[ view plain ]
| 000 -LEADER | |
|---|---|
| fixed length control field | 00308nam a22001217a 4500 |
| 020 ## - INTERNATIONAL STANDARD BOOK NUMBER | |
| International Standard Book Number | 0-7064-0720-2 |
| 082 ## - DEWEY DECIMAL CLASSIFICATION NUMBER | |
| Classification number | 745.4 WOM'H |
| 100 ## - MAIN ENTRY--PERSONAL NAME | |
| Personal name | HAYES, BABETTE |
| 9 (RLIN) | 75992 |
| 245 ## - TITLE STATEMENT | |
| Title | WOMAN'S DAY ALL COLOUR BOOK OF HOME DECORATING AND DESIGN |
| 260 ## - PUBLICATION, DISTRIBUTION, ETC. | |
| Place of publication, distribution, etc. | AUSTRALIA |
| Name of publisher, distributor, etc. | OCTOPUS |
| Date of publication, distribution, etc. | 1977 |
| 300 ## - PHYSICAL DESCRIPTION | |
| Extent | 157P |
| 942 ## - ADDED ENTRY ELEMENTS (KOHA) | |
| Koha item type | Book |
| Withdrawn status | Lost status | Damaged status | Not for loan | Permanent Location | Current Location | Shelving location | Date acquired | Total Checkouts | Full call number | Barcode | Date last seen | Price effective from | Koha item type |
|---|---|---|---|---|---|---|---|---|---|---|---|---|---|
| College of Electrical & Mechanical Engineering (CEME) | College of Electrical & Mechanical Engineering (CEME) | General Stacks | 05/25/2017 | 745.4 WOM'H | CEME-12270 | 06/28/2021 | 06/28/2021 | Book |
